Discovering Finance (Record no. 6305)
[ view plain ]
| 000 -LEADER | |
|---|---|
| fixed length control field | 00465nam a22001697a 4500 |
| 003 - CONTROL NUMBER IDENTIFIER | |
| control field | BUBTL |
| 008 - FIXED-LENGTH DATA ELEMENTS--GENERAL INFORMATION | |
| fixed length control field | 200618b xxu||||| |||| 00| 0 eng d |
| 082 ## - DEWEY DECIMAL CLASSIFICATION NUMBER | |
| Classification number | 658/KHD |
| 100 ## - MAIN ENTRY--PERSONAL NAME | |
| Personal name | Khan, Atiqur Rahman |
| 9 (RLIN) | 3198 |
| 245 ## - TITLE STATEMENT | |
| Title | Discovering Finance |
| Remainder of title | Md.Atiqur Rahman Khan |
| 260 ## - PUBLICATION, DISTRIBUTION, ETC. (IMPRINT) | |
| Place of publication, distribution, etc. | Dhaka |
| Name of publisher, distributor, etc. | Prasnanir Publications |
| Date of publication, distribution, etc. | c2002 |
| 300 ## - PHYSICAL DESCRIPTION | |
| Extent | 254p . : |
| Other physical details | 21cm. |
| 650 ## - SUBJECT ADDED ENTRY--TOPICAL TERM | |
| Topical term or geographic name as entry element | Finance |
| 9 (RLIN) | 3199 |
| 856 ## - ELECTRONIC LOCATION AND ACCESS | |
| Password | 0 |
| Logon | 0 |
| Link text | Download |
| 942 ## - ADDED ENTRY ELEMENTS (KOHA) | |
| Source of classification or shelving scheme | |
| Koha item type | Books |
| Withdrawn status | Lost status | Source of classification or shelving scheme | Damaged status | Not for loan | Collection code | Permanent location | Current location | Shelving location | Date acquired | Inventory number | Total Checkouts | Full call number | Barcode | Date last seen | Copy number | Price effective from | Koha item type |
|---|---|---|---|---|---|---|---|---|---|---|---|---|---|---|---|---|---|
| Non-fiction | Bangladesh University of Business and Technology Library | Bangladesh University of Business and Technology Library | Finance Stacks | 06/18/2020 | 18977 | 658/KHD | BUBTL-200318977 | 06/18/2020 | C-1 | 06/18/2020 | Books | ||||||
| Non-fiction | Bangladesh University of Business and Technology Library | Bangladesh University of Business and Technology Library | Finance Stacks | 10/08/2020 | 18975 | 658/KHD | BUBTL-200318975 | 10/08/2020 | C-2 | 10/08/2020 | Books | ||||||
| Not For Loan | Non-fiction | Bangladesh University of Business and Technology Library | Bangladesh University of Business and Technology Library | Finance Stacks | 10/08/2020 | 18976 | 658/KHD | BUBTL-200318976 | 10/08/2020 | C-3 | 10/08/2020 | Books | |||||
| Non-fiction | Bangladesh University of Business and Technology Library | Bangladesh University of Business and Technology Library | Finance Stacks | 10/08/2020 | 18978 | 658/KHD | BUBTL-200318978 | 10/08/2020 | C-4 | 10/08/2020 | Books | ||||||
| Non-fiction | Bangladesh University of Business and Technology Library | Bangladesh University of Business and Technology Library | Finance Stacks | 10/08/2020 | 18979 | 658/KHD | BUBTL-200318979 | 10/08/2020 | C-5 | 10/08/2020 | Books |
